00874cam a22002534a 450000100090000000300040000900500170001300800410003001000170007102000180008804000130010604300210011905000240014008200150016424500820017926000380026130000370029950000650033650400410040165100430044265100430048571000290052871000630055716312478OSt20230619112350.0100701s2009 ja a b 000 0 eng  a 2010446389 a9784875401063 aDLCcDLC aaw-----aa-ja---00aDS63.2.J3bD48 2009 a301bISDPR00a"Development and society" :bDecember 2003c[edited by the Japan Foundation]. aTokyo :bJapan Foundation,c2009. a314pbill. (some col.) ;c21 cm. a"The Japan Foundation Middle East Group Study Program 2008." aIncludes bibliographical references. 0aMiddle EastxForeign relationszJapan. 0aJapanxForeign relationszMiddle East.2 aKokusai Kōryū Kikin.2 aKokusai Kōryū Kikin.bMiddle East Group Study Program.